2026 MLB Top 100 - Statistics

General Stats
  • This quiz has been taken 573 times
  • The average score is 74 of 100
Answer Stats
No. Position Team Player % Correct
2. RF New York Yankees Aaron Judge
100%
1. P/DH Los Angeles Dodgers Shohei Ohtani
100%
3. SS Kansas City Royals Bobby Witt Jr.
99%
6. RF New York Mets Juan Soto
99%
7. SP Pittsburgh Pirates Paul Skenes
99%
4. C Seattle Mariners Cal Raleigh
98%
15. RF San Diego Padres Fernando Tatis Jr.
98%
10. 1B Toronto Blue Jays Vladimir Guerrero Jr.
98%
5. 3B Cleveland Guardians José Ramírez
97%
8. SP Detroit Tigers Tarik Skubal
97%
11. SS New York Mets Francisco Lindor
96%
22. 1B Los Angeles Dodgers Freddie Freeman
96%
17. DH Philadelphia Phillies Kyle Schwarber
96%
18. SS Los Angeles Dodgers Mookie Betts
96%
14. RF Atlanta Braves Ronald Acuña Jr.
96%
32. 1B Philadelphia Phillies Bryce Harper
95%
19. 2B Arizona Diamondbacks Ketel Marte
95%
20. C Los Angeles Dodgers Will Smith
95%
9. RF Arizona Diamondbacks Corbin Carroll
94%
16. CF Seattle Mariners Julio Rodríguez
94%
26. SS Baltimore Orioles Gunnar Henderson
93%
13. SP Los Angeles Dodgers Yoshinobu Yamamoto
93%
25. SS Philadelphia Phillies Trea Turner
92%
12. SP Boston Red Sox Garrett Crochet
91%
27. SS Texas Rangers Corey Seager
90%
21. RF Los Angeles Dodgers Kyle Tucker
89%
34. 3B San Diego Padres Manny Machado
89%
23. 1B Athletics Nick Kurtz
89%
31. 1B Atlanta Braves Matt Olson
88%
40. CF Chicago Cubs Pete Crow-Armstrong
86%
28. LF Houston Astros Yordan Alvarez
86%
33. 1B Baltimore Orioles Pete Alonso
85%
42. CF Minnesota Twins Byron Buxton
84%
52. SS Cincinnati Reds Elly De La Cruz
84%
51. SP Philadelphia Phillies Zack Wheeler
84%
44. SP Seattle Mariners Bryan Woo
83%
35. 3B Chicago Cubs Alex Bregman
81%
45. SP Cincinnati Reds Hunter Greene
81%
37. SP San Francisco Giants Logan Webb
81%
57. LF Detroit Tigers Riley Greene
81%
38. SP Atlanta Braves Chris Sale
80%
24. SS Arizona Diamondbacks Geraldo Perdomo
79%
36. SP New York Yankees Max Fried
79%
55. C Milwaukee Brewers William Contreras
79%
43. LF New York Yankees Cody Bellinger
78%
78. LF Milwaukee Brewers Christian Yelich
77%
81. 2B Houston Astros Jose Altuve
76%
54. SP Los Angeles Dodgers Blake Snell
75%
29. SP Philadelphia Phillies Cristopher Sánchez
75%
50. SP Texas Rangers Jacob deGrom
75%
48. 3B New York Mets Bo Bichette
74%
30. SP Houston Astros Hunter Brown
74%
39. 3B Tampa Bay Rays Junior Caminero
74%
46. 1B San Francisco Giants Rafael Devers
74%
53. LF Washington Nationals James Wood
73%
49. SS Houston Astros Jeremy Peña
73%
58. LF Boston Red Sox Jarren Duran
72%
47. RF Toronto Blue Jays George Springer
71%
74. C Toronto Blue Jays Alejandro Kirk
70%
66. 3B Cincinnati Reds Eugenio Suárez
70%
79. SP Boston Red Sox Ranger Suárez
70%
84. RP Boston Red Sox Aroldis Chapman
69%
85. 3B San Francisco Giants Matt Chapman
69%
59. CF San Diego Padres Jackson Merrill
68%
60. RP San Diego Padres Mason Miller
68%
71. 1B Tampa Bay Rays Yandy Díaz
68%
62. 2B Milwaukee Brewers Brice Turang
67%
83. RP Los Angeles Dodgers Edwin Díaz
67%
61. 2B New York Yankees Jazz Chisholm Jr.
67%
41. LF Boston Red Sox Roman Anthony
66%
80. SP Detroit Tigers Framber Valdez
64%
76. SS Athletics Jacob Wilson
64%
75. LF Cleveland Guardians Steven Kwan
64%
63. SP Milwaukee Brewers Freddy Peralta
62%
72. SP Seattle Mariners Logan Gilbert
62%
70. 1B Seattle Mariners Josh Naylor
59%
56. LF Milwaukee Brewers Jackson Chourio
58%
65. 3B Kansas City Royals Maikel Garcia
58%
82. RF Los Angeles Angels Mike Trout
57%
86. SS San Francisco Giants Willy Adames
57%
77. RF Chicago Cubs Seiya Suzuki
56%
91. DH Athletics Brent Rooker
55%
73. SP Minnesota Twins Joe Ryan
55%
67. 1B Chicago Cubs Michael Busch
55%
64. SP Texas Rangers Nathan Eovaldi
53%
99. SP New York Yankees Carlos Rodón
51%
87. SS Los Angeles Angels Zach Neto
51%
95. 1B New York Yankees Ben Rice
50%
89. SP Kansas City Royals Cole Ragans
49%
68. LF Miami Marlins Kyle Stowers
49%
93. 1B Kansas City Royals Vinnie Pasquantino
49%
92. C Athletics Shea Langeliers
48%
97. C Colorado Rockies Hunter Goodman
47%
96. C Atlanta Braves Drake Baldwin
46%
69. CF Texas Rangers Wyatt Langford
45%
100. SP Toronto Blue Jays Dylan Cease
42%
88. SS Chicago White Sox Colson Montgomery
39%
94. RF Detroit Tigers Kerry Carpenter
39%
90. SP Cincinnati Reds Andrew Abbott
36%
98. C St. Louis Cardinals Iván Herrera
31%
No matching quizzes found
Score Distribution
Percent of People with Each Score
Percentile by Number Answered
Your Score History
You have not taken this quiz